[Event "TUR-ch U13-U18 Girls"]
[Site "Antalya"]
[Date "2020.01.22"]
[Round "6"]
[White "Ozkinaci, Nursena"]
[Black "Koruoglu, Sinem"]
[Result "0-1"]
[WhiteElo "1374"]
[BlackElo "1270"]
[PlyCount "144"]
[EventDate "2020.01.19"]
[EventType "swiss"]
[EventRounds "11"]
[EventCountry "TUR"]
[SourceTitle "CBM 195 Extra"]
[Source "ChessBase"]
[SourceDate "2020.05.31"]
[SourceVersion "1"]
[SourceVersionDate "2020.05.31"]
[SourceQuality "1"]

1. d4 d5 2. c4 c6 3. e3 Nf6 4. Nc3 e6 5. Nf3 Nbd7 6. Be2 dxc4 7. Bxc4 b5 8. Bd3 Bb7 9. 0-0 a6 10. b3 c5 11. Be2 cxd4 12. exd4 Bb4 13. Bb2 Rc8 14. Rc1 Qa5 15. Qd3 0-0 16. a4 bxa4 17. Nxa4 Nd5 18. Ng5 N7f6 19. Nh3 Qd8 20. Rxc8 Qxc8 21. Rc1 Qd7 22. Nc5 Bxc5 23. dxc5 Rc8 24. Bxf6 Nxf6 25. Qxd7 Nxd7 26. b4 a5 27. Rd1 Bd5 28. Ba6 Rb8 29. bxa5 Nxc5 30. Bf1 Ra8 31. Nf4 Bb7 32. Ra1 Nb3 33. Rb1 Nxa5 34. Nd3 Be4 35. Ra1 Nb3 36. Rxa8+ Bxa8 37. g3 Kf8 38. Nf4 Nd2 39. Bd3 Nf3+ 40. Kf1 Nxh2+ 41. Ke2 h6 42. Nh3 Ng4 43. f4 Ke7 44. Bc4 Kd6 45. Bb3 Nf6 46. Nf2 Nh5 47. g4 Nxf4+ 48. Ke3 Nd5+ 49. Ke4 Nf6+ 50. Kf4 g5+ 51. Kg3 Ne4+ 52. Nxe4+ Bxe4 53. Ba4 f5 54. gxf5 exf5 55. Be8 Ke5 56. Bh5 Kd4 57. Kf2 g4 58. Kg3 Bf3 59. Kf4 Be4 60. Bg6 Kd5 61. Bh5 Ke6 62. Bxg4 fxg4 63. Kxe4 Kf6 64. Kf4 h5 65. Kg3 Kg5 66. Kg2 h4 67. Kh2 Kf4 68. Kg2 Ke3 69. Kg1 h3 70. Kh1 Kf2 71. Kh2 g3+ 72. Kh1 g2+ 0-1

[Event "TUR-chT 2nd League"]
[Site "Konya"]
[Date "2019.07.23"]
[Round "3.10"]
[White "Ozkinaci, Nursena"]
[Black "Hanamirian, Mina"]
[Result "1-0"]
[WhiteElo "1282"]
[BlackElo "1250"]
[PlyCount "120"]
[EventDate "2019.07.22"]
[EventType "team-swiss"]
[EventRounds "9"]
[EventCountry "TUR"]
[SourceTitle "CBM 191 Extra"]
[Source "ChessBase"]
[SourceDate "2019.09.30"]
[SourceVersion "1"]
[SourceVersionDate "2019.09.30"]
[SourceQuality "1"]
[WhiteTeam "Gaziantep Sader"]
[BlackTeam "Istanbul Sisli"]
[WhiteTeamCountry "TUR"]
[BlackTeamCountry "TUR"]

1. d4 d5 2. c4 e6 3. Nc3 Nf6 4. e3 Be7 5. Nf3 b6 6. Be2 0-0 7. 0-0 Bb7 8. b3 Nbd7 9. Bb2 Rc8 10. Rc1 c5 11. h3 Bd6 12. Nb5 Bb8 13. Ne5 a6 14. Na3 Nxe5 15. dxe5 Ne4 16. Bd3 d4 17. exd4 cxd4 18. Bxe4 Bxe4 19. Qxd4 Qxd4 20. Bxd4 Rc6 21. Rfe1 Bg6 22. Nc2 Rd8 23. Nb4 Rcc8 24. Bxb6 Rd2 25. Nxa6 Rxa2 26. Nxb8 Rxb8 27. c5 Rb2 28. Rc3 Bc2 29. Ree3 Ra2 30. b4 Ba4 31. Ra3 Rxa3 32. Rxa3 Bc6 33. Rd3 Bb5 34. Rd8+ Rxd8 35. Bxd8 Kf8 36. f4 Ke8 37. Bb6 Kd7 38. Kf2 Kc6 39. g4 Kd5 40. Ke3 Bc4 41. Bc7 Bb5 42. f5 Ba4 43. Kf4 exf5 44. gxf5 Bb5 45. h4 h6 46. Bd8 g6 47. Bc7 Bc6 48. Bd8 Be8 49. Bc7 Bc6 50. fxg6 fxg6 51. Bd6 Ke6 52. Ke3 Kf5 53. Kd4 Bb5 54. Kd5 g5 55. hxg5 hxg5 56. e6 g4 57. c6 Bxc6+ 58. Kxc6 Kxe6 59. b5 Kf7 60. b6 Ke8 1-0

[Event "TUR-chT 2nd League"]
[Site "Konya"]
[Date "2018.07.20"]
[Round "7.13"]
[White "Ataer, Melisa"]
[Black "Ozkinaci, Nursena"]
[Result "0-1"]
[WhiteElo "1200"]
[BlackElo "1164"]
[PlyCount "130"]
[EventDate "2018.07.16"]
[EventType "team-swiss"]
[EventRounds "9"]
[EventCountry "TUR"]
[SourceTitle "EXT 2019"]
[Source "ChessBase"]
[SourceDate "2018.10.10"]
[SourceVersion "1"]
[SourceVersionDate "2018.10.10"]
[SourceQuality "1"]
[WhiteTeam "Istanbul Sisli"]
[BlackTeam "Gaziantep Sader"]
[WhiteTeamCountry "TUR"]
[BlackTeamCountry "TUR"]

1. e4 c6 2. d4 d5 3. e5 Bf5 4. Nf3 e6 5. Be3 Nd7 6. Bd3 Bxd3 7. Qxd3 Qb6 8. b3 c5 9. Nbd2 cxd4 10. Bxd4 Bc5 11. Qe3 Ne7 12. c3 Nf5 13. Qf4 0-0 14. 0-0 Qc7 15. b4 Nxd4 16. Nxd4 Be7 17. Nb5 Qxe5 18. Qf3 a6 19. Nd4 Bd6 20. Qh3 Rac8 21. N2f3 Qf6 22. Rfe1 Rfe8 23. Rac1 Ne5 24. Re3 Nc4 25. Re2 Ne5 26. Re3 Ng6 27. g3 Bxb4 28. Rc2 Bc5 29. Rce2 h6 30. Qg4 Bxd4 31. Nxd4 Qg5 32. Qf3 Nh4 33. Qh1 Nf5 34. Nxf5 Qxf5 35. Re1 Qc2 36. Qf3 Qxa2 37. Qg4 Qc4 38. Qh3 a5 39. f4 d4 40. cxd4 Qxd4 41. Kh1 Rc3 42. Re4 Qd5 43. Kg1 Rec8 44. f5 exf5 45. Re8+ Rxe8 46. Rxe8+ Kh7 47. Qf1 Qd4+ 48. Kg2 Rc2+ 49. Re2 Rxe2+ 50. Qxe2 Qe4+ 51. Qxe4 fxe4 52. Kf2 a4 53. h4 a3 54. h5 a2 55. g4 a1Q 56. g5 Qd4+ 57. Ke2 e3 58. g6+ fxg6 59. hxg6+ Kxg6 60. Kf3 Qd2 61. Kg3 Qf2+ 62. Kh3 Qg1 63. Kh4 Kf5 64. Kh3 Kf4 65. Kh4 Qg4# 0-1

[Event "TUR-chT 2nd League"]
[Site "Konya"]
[Date "2018.07.17"]
[Round "2.14"]
[White "Ince, Fatma Ovgum"]
[Black "Ozkinaci, Nursena"]
[Result "0-1"]
[WhiteElo "1697"]
[BlackElo "1164"]
[PlyCount "64"]
[EventDate "2018.07.16"]
[EventType "team-swiss"]
[EventRounds "9"]
[EventCountry "TUR"]
[SourceTitle "EXT 2019"]
[Source "ChessBase"]
[SourceDate "2018.10.10"]
[SourceVersion "1"]
[SourceVersionDate "2018.10.10"]
[SourceQuality "1"]
[WhiteTeam "Adamlari Amator"]
[BlackTeam "Gaziantep Sader"]
[WhiteTeamCountry "TUR"]
[BlackTeamCountry "TUR"]

1. e4 c6 2. d4 d5 3. exd5 cxd5 4. Bd3 Nc6 5. Nf3 Bg4 6. c3 Nf6 7. 0-0 e6 8. Bg5 Be7 9. Nbd2 Qb6 10. Qc2 h6 11. Bh4 0-0 12. h3 Bxf3 13. Nxf3 Rac8 14. Ne5 Qc7 15. Bg3 Bd6 16. Rfe1 Nxd4 17. Qa4 Nc6 18. Nxc6 Qxc6 19. Qxa7 Bxg3 20. fxg3 b6 21. Qa3 Nh5 22. g4 Nf4 23. Rad1 Ra8 24. Qb4 Nxd3 25. Rxd3 Rxa2 26. Qb3 Rfa8 27. Rg3 Qc5+ 28. Kh1 Qf2 29. Ree3 Ra1+ 30. Qd1 Rxd1+ 31. Re1 Rxe1+ 32. Kh2 Qg1# 0-1

[Event "TUR-chT 2nd League"]
[Site "Konya"]
[Date "2017.07.20"]
[Round "6.5"]
[White "Ozkinaci, Nursena"]
[Black "Anacoglu, Cisel"]
[Result "0-1"]
[WhiteElo "1159"]
[BlackElo "1502"]
[PlyCount "106"]
[EventDate "2017.07.17"]
[EventType "team-swiss"]
[EventRounds "9"]
[EventCountry "TUR"]
[SourceTitle "CBM 179 Extra"]
[Source "ChessBase"]
[SourceDate "2017.08.23"]
[SourceVersion "1"]
[SourceVersionDate "2017.08.23"]
[SourceQuality "1"]
[WhiteTeam "Gaziantep Sader"]
[BlackTeam "Ankara Hayat"]
[WhiteTeamCountry "TUR"]
[BlackTeamCountry "TUR"]

1. Nf3 Nf6 2. g3 g6 3. Bg2 Bg7 4. 0-0 d6 5. d3 e5 6. c3 0-0 7. Bg5 h6 8. Bd2 Nbd7 9. c4 Ne8 10. Qc1 Kh7 11. e4 a5 12. Ne1 c6 13. Nc3 Nc5 14. f4 f5 15. Be3 Nc7 16. fxe5 N7a6 17. d4 Nxe4 18. Nxe4 fxe4 19. Rxf8 Qxf8 20. Bxe4 dxe5 21. dxe5 Bxe5 22. Nd3 Bg7 23. Nf4 Bf5 24. Qc2 Re8 25. Bxf5 Qxf5 26. Qxf5 gxf5 27. Bd2 Bxb2 28. Rb1 Bd4+ 29. Kf1 b6 30. Ne2 Bc5 31. Nf4 Bb4 32. Bxb4 axb4 33. Nh5 Kg6 34. Nf4+ Kf6 35. Rd1 Ke7 36. Ng6+ Kf7 37. Nf4 Re4 38. Rc1 Nb8 39. Kf2 Nd7 40. Nd3 c5 41. Nb2 Ne5 42. Re1 Rxe1 43. Kxe1 Nf3+ 44. Ke2 Nxh2 45. Na4 Ng4 46. Nxb6 Ne5 47. Nd5 Nxc4 48. Kd3 Nd6 49. Nb6 Ke6 50. Na4 Kd5 51. Nb6+ Kc6 52. Na4 h5 53. Nb2 Ne4 0-1

[Event "TUR-chT 2nd League"]
[Site "Konya"]
[Date "2017.07.18"]
[Round "2.8"]
[White "Mustu, Hatice Asli"]
[Black "Ozkinaci, Nursena"]
[Result "1-0"]
[WhiteElo "1362"]
[BlackElo "1159"]
[PlyCount "55"]
[EventDate "2017.07.17"]
[EventType "team-swiss"]
[EventRounds "9"]
[EventCountry "TUR"]
[SourceTitle "CBM 179 Extra"]
[Source "ChessBase"]
[SourceDate "2017.08.23"]
[SourceVersion "1"]
[SourceVersionDate "2017.08.23"]
[SourceQuality "1"]
[WhiteTeam "Izmir Cesme Belediye"]
[BlackTeam "Gaziantep Sader"]
[WhiteTeamCountry "TUR"]
[BlackTeamCountry "TUR"]

1. d4 d5 2. Nf3 Bf5 3. Bf4 e6 4. e3 Nf6 5. Ne5 a6 6. g4 Be4 7. f3 Bg6 8. h4 h6 9. Nxg6 fxg6 10. Bd3 Kf7 11. c3 Nc6 12. Qc2 Ne7 13. Nd2 b6 14. Qb1 c5 15. Nf1 Qd7 16. Ng3 Qd8 17. Ne2 Qd7 18. Be5 Qd8 19. Nf4 Qd7 20. Bxg6+ Nxg6 21. Nxg6 Rg8 22. Nf4 Be7 23. g5 hxg5 24. hxg5 Ke8 25. Qg6+ Kd8 26. gxf6 Bxf6 27. Bxf6+ gxf6 28. Qxg8+ 1-0